000 00594nam a2200229Ia 4500
003 OSt
005 20220924123303.0
006 a|||||r|||| 00| 0
007 ta
008 220923b |||||||| |||| 00| 0 urd d
024 _a315065
037 _cTextual
040 _aARTS
_cARTS
_burd
041 _2urd
_aurd
082 _aO168,1NZA,1, J2
100 _aZ. Ansari
_9155115
245 0 _aWaraq waraq
260 _aMumbai
_bWriters Academy India
_c1952
650 _aURDU POETRY
942 _hO168,1NZA,1, J2
_cTEXL
_2CC
999 _c415104
_d415104